000 00946nam a22002897a 4500
001 BR8107523
003 BR-BrBNA
005 20230928091121.0
007 ta
008 230509b bl.||||| |||| 00| 0 por d
040 _aBR-BrBNA
_bpor
_cBiblioteca Nacional de Agricultura
041 _a(Por)
072 _aE70; E30; E15
_b/G514
090 _ E70 BR8107523
110 1 _aGoverno do Estado do Rio Grande do Sul, Porto Alegre (Brasil)
_95400
245 1 _aProjeto integrado de promocao de agricultores de baixa renda. PRO-RENDA. v. 4. O projeto, parte 10. Subprojeto de estradas vicinais [Rio Grande do Sul, Brasil]
260 3 _aPorto Alegre, RS (Brasil):
_c1981.
300 _a161 p.
500 _a20 illus.; 50 tables
650 _aPROJETO DE DESENVOLVIMENTO
650 _aESTRADA VICINAL
650 _aENGENHARIA CIVIL
650 _aCUSTO
650 _aRIO GRANDE DO SUL
909 _a202309
_bLucia
_c55
_dLucia Elande
942 _cBK
999 _c32311
_d32311